[Projecte de pressupost 2008] / Diputació de Barcelona
Descripción Física:
v. ; 30 cm
MARC
| LEADER | 00000nam a2200000Ia 4500 | ||
|---|---|---|---|
| 001 | 19928 | ||
| 008 | 160829s2007 xx 000 0 cat d | ||
| 080 | |a Pressupostos | ||
| 110 | 1 | |a Barcelona (Catalunya : Província). |b Diputació |9 52408 | |
| 245 | |a [Projecte de pressupost 2008] / Diputació de Barcelona | ||
| 260 | |a Barcelona : |b la Diputació, |c 2007 | ||
| 300 | |a v. ; |c 30 cm | ||
| 610 | 1 | 0 | |a Barcelona (Catalunya : Província). |b Diputació |x Assignacions pressupostàries i despeses |9 53789 |
| 866 | |a 4: Informe economicofinancer, annex d'inversions, situació del deute i pla estratègic de subvencions | ||
| 901 | |a Arxiu | ||
| 942 | |n 1 | ||
| 952 | |0 0 |1 0 |4 0 |6 PRESSUPOSTOS |7 1 |9 49359 |a Arxiu |b Arxiu |d 2016-12-01 |l 0 |o Pressupostos |p 19928 |r 2016-12-01 00:00:00 |w 2016-12-01 |y ARXIU | ||
| 999 | |c 53201 |d 53201 | ||